00418nam a2200181Ia 4500003000400000005001700004008004100021020002200062040000700084041000800091082001900099100001700118245002100135260003400156300001400190365001300204650001900217OSt20230411143037.0210423s2017 xx 000 0 und d a978-93-82036-50-0 cAL aeng a336 223bBHAP aBHATIA (A K) aPublic economics aNew DelhibBlack Printsc2017 av,223bHB b925cINR aPublic Finance